Konstrukce pozemních staveb-prvky zastrešení
Enregistré dans:
| Auteur principal: | |
|---|---|
| Format: | Livre |
| Langue: | tchèque |
| Publié: |
Praha :
České vysoké učení technické v Praze,
1985
|
| Tags: |
Pas de tags, Soyez le premier à ajouter un tag!
|
MARC
| LEADER | 00000nam a22000003a 4500 | ||
|---|---|---|---|
| 001 | stu11881 | ||
| 005 | 20150617225801.9 | ||
| 008 | 951011s1985----cs------------------cze-d | ||
| 040 | |a STU |b slo | ||
| 041 | 0 | |a cze | |
| 044 | |a cs | ||
| 100 | 1 | |a Jelínek, František |4 aut | |
| 245 | 1 | |a Konstrukce pozemních staveb-prvky zastrešení | |
| 260 | |a Praha : |b České vysoké učení technické v Praze, |c 1985 | ||
| 300 | |a 152 s | ||
| 996 | |b 284AS01996 |c A*1566 S |l AAKNAR |s A |a 24 |w stu11881_0001 | ||
| 996 | |b 284AS01019 |c A*1560 S |l AAKNST |s P |a 0 |w stu11881_0004 | ||
| 996 | |b 284AS01967 |c A*1561 S |l AAKNAR |s A |a 24 |w stu11881_0005 | ||
| 996 | |b 284AS02029 |c A*2022 S |l AAKNAR |s A |a 24 |w stu11881_0006 | ||
| 996 | |b 284AS03345 |c A*7652 S |l AAKNAR |s A |a 24 |w stu11881_0007 | ||
| 996 | |b 284AS01278 |c A*1564 S |l AAKNAR |s A |a 24 |w stu11881_0008 | ||
| 996 | |b 284AS01244 |c A*1567 S |l AAKNAR |s A |a 24 |w stu11881_0010 | ||
| 996 | |b 284AS01970 |c A*1365 S |l AAKNAR |s A |a 24 |w stu11881_0012 | ||
| 996 | |b 284AS03346 |c A*7653 S |l AAKNAR |s A |a 24 |w stu11881_0013 | ||